000 00423nam a2200145 4500
001 111129
003 ES-MaACL
007 t|
008 061121s1953 sp r ||||1| spa d
100 1 _aOlagüe, Ignacio.
_986640
245 1 3 _aEl pecado original
_b: fantasía dramática en dos jornadas /
_cIgnacio Olagüe.
260 _aMadrid :
_bMayfé,
_c1953.
300 _a128 p. ;
_c18 cm.
852 _aES-MaACL
_jC-6282
_bR.34918
999 _c111129
_d111129